| 000 | 00650 a2200229 4500 | ||
|---|---|---|---|
| 003 | 0 | ||
| 005 | 20160609161655.0 | ||
| 008 | 110325t xxu||||| |||| 00| 0 eng d | ||
| 040 |
_aBUAC _bFre. _cBUC |
||
| 041 | _aFre | ||
| 100 |
_aAssoun, Paul-Laurent _915698 |
||
| 100 |
_lFre _915699 |
||
| 245 |
_aFreud : _bla philosophie et les philosophes _cPaul-Laurent Assoun |
||
| 260 |
_aParis _bPresses Universitaires de France _c1976 |
||
| 300 |
_a230p. _c22 cm. |
||
| 440 |
_aPhilosophie d'aujourd'hui _915700 |
||
| 600 |
_aFreud _915701 |
||
| 630 |
_aPHILOSOPHIE _915702 |
||
| 650 |
_aphilosophie : système _915704 |
||
| 942 | _cLIVR | ||
| 999 |
_c39666 _d39666 |
||